Top 15 Most Square Countries - Statistics

General Stats
  • This quiz has been taken 40 times
  • The average score is 5 of 16
Answer Stats
Hint Answer % Correct
Africa Egypt
62%
South America Uruguay
55%
Africa Sudan
48%
Africa Ghana
45%
Europe Vatican City
41%
Africa Lesotho
34%
Africa Sierra Leone
34%
Europe Poland
31%
Africa Eswatini
28%
Africa Ivory Coast
28%
Asia Yemen
28%
Africa Angola
21%
Oceania Nauru
21%
Asia Turkey
21%
Europe North Macedonia
10%
Bonus! Least Square Country? Maldives
7%
No matching quizzes found
Score Distribution
Percent of People with Each Score
Percentile by Number Answered
Your Score History
You have not taken this quiz